000 00577nam a2200181 i 4500
001 90587
003 ES-MaACL
005 20230906180505.0
007 t|
008 050121s1960 sp ||||1| spa d
100 1 _aLehmann, Gunther.
_971331
245 1 0 _aFisiología práctica del trabajo /
_cGunther Lehmann ; [versión española por Higinio Guillamón Reyes].
260 _aMadrid :
_bAguilar,
_c1960 (
_fMontaña)
300 _aXX, 409 p. :
_bil. ;
_c24 cm.
700 1 _aGuillamon Reyes, Higinio.
_9193426
852 _aES-MaACL
_jC-18334
_bR.46493
999 _c90587
_d90587